Understanding the self/ (Record no. 364157)
[ view plain ]
| 000 -LEADER | |
|---|---|
| fixed length control field | 00453nam a2200133Ia 4500 |
| 008 - FIXED-LENGTH DATA ELEMENTS--GENERAL INFORMATION | |
| fixed length control field | 200909s9999 xx 000 0 und d |
| 020 ## - INTERNATIONAL STANDARD BOOK NUMBER | |
| International Standard Book Number | 978-971-23-8670-1 |
| 100 ## - MAIN ENTRY--PERSONAL NAME | |
| Personal name | Alata, Eden Joy Pastor |
| 245 ## - TITLE STATEMENT | |
| Statement of responsibility, etc | Eden Joy P. Alata, Bernardo N. Caslib Jr., Janice Patria J. Serafica, R.A. Pawilen |
| Title | Understanding the self/ |
| 260 ## - PUBLICATION, DISTRIBUTION, ETC. (IMPRINT) | |
| Place of publication, distribution, etc | Quezon City: |
| Name of publisher, distributor, etc | REX Bookstore |
| Date of publication, distribution, etc | 2018 |
| 300 ## - PHYSICAL DESCRIPTION | |
| Extent | vi, 174 pages |
| Dimensions | 25 cm. |
| 650 ## - SUBJECT ADDED ENTRY--TOPICAL TERM | |
| Topical term or geographic name as entry element | Human behavior |
| 650 ## - SUBJECT ADDED ENTRY--TOPICAL TERM | |
| Topical term or geographic name as entry element | Psychology |
| Withdrawn status | Lost status | Damaged status | Home library | Current library | Shelving location | Date acquired | Source of acquisition | Total Checkouts | Total Renewals | Full call number | Barcode | Date last seen | Date checked out | Price effective from | Koha item type |
|---|---|---|---|---|---|---|---|---|---|---|---|---|---|---|---|
| College Library | College Library | Filipiniana Section | 09/09/2020 | 1 | 1 | BF 199 .Al323 2018 | C22336 | 12/20/2022 | 09/05/2022 | 09/09/2020 | Books |